[Event "Online Olym Div3 D 2020"]
[Site "chess.com INT"]
[Date "2020.07.07"]
[Round "2.3"]
[Board "2"]
[White "Romero Barreto, Jaime Jose"]
[Black "Taleb Mohamed, Ahmed"]
[Result "1-0"]
[WhiteTitle "IM"]
[BlackTitle "CM"]
[WhiteElo "2351"]
[BlackElo "1950"]
[WhiteTeam "Venezuela"]
[BlackTeam "Mauritania"]
[WhiteFideId "3902498"]
[BlackFideId "19600038"]
[EventDate "2020.07.07"]
[EventType "team"]

1. e4 e5 2. Nf3 Nf6 3. Nxe5 d6 4. Nf3 Nxe4 5. Nc3 Nf6 6. d4 Be7 7. Bd3 O-O 8. h3
Re8 9. O-O c6 10. Ne2 Nbd7 11. Ng3 Nf8 12. Re1 h6 13. Nf5 Bxf5 14. Bxf5 Qa5 15.
Bd3 Qh5 16. Bf4 Nd5 17. Bg3 Nb4 18. Bf1 Qg6 19. a3 Nd5 20. Bd3 Qh5 21. c4 Nf6
22. Qb3 b6 23. Re2 N8d7 24. Qa4 c5 25. Rae1 Kf8 26. Rxe7 Rxe7 27. Bxd6 Re8 28.
Rxe7 Rxe7 29. Qxa7 cxd4 30. Qa8+ Ne8 31. Qd8 f5 32. Qxe7+ Kg8 33. Qxd7 Nf6 34.
Qe6+ Kh8 35. Qxf5 Qf7 36. Be5 1-0

[Event "Online Olym Div3 D 2020"]
[Site "chess.com INT"]
[Date "2020.07.07"]
[Round "2.3"]
[Board "5"]
[White "Mohamed Abderrahim, Taleb Mohamed"]
[Black "Ramirez Gonzalez, Mauricio"]
[Result "1-0"]
[BlackTitle "FM"]
[WhiteElo "1811"]
[BlackElo "2144"]
[WhiteTeam "Mauritania"]
[BlackTeam "Venezuela"]
[WhiteFideId "19601441"]
[BlackFideId "3904326"]
[EventDate "2020.07.07"]
[EventType "team"]

1. e4 e6 2. d4 d5 3. Nd2 Nf6 4. Bd3 c5 5. dxc5 Bxc5 6. Qe2 Nc6 7. Ngf3 Qc7 8.
O-O Nb4 9. e5 Nd7 10. Re1 Nxd3 11. cxd3 O-O 12. Nb3 Be7 13. Bd2 Nb8 14. Rac1 Nc6
15. Nbd4 Bd7 16. a3 Qb6 17. Bc3 Rac8 18. Qe3 Qa6 19. Nxc6 Bxc6 20. d4 Qb6 21. h4
Ba4 22. h5 h6 23. Nh2 Rc4 24. Ng4 Bg5 25. f4 Be7 26. Qg3 Kh8 27. f5 exf5 28. Ne3
Rxd4 29. Bxd4 Qxd4 30. Rf1 Bg5 31. Rc3 f4 32. Qg4 Bc6 33. Kh1 Qxe5 34. Nc2 d4
35. Re1 Qf6 36. Rd3 Rd8 37. Red1 f3 38. gxf3 Rd5 39. Nb4 Rf5 40. Nxc6 bxc6 41.
Qxd4 Qe6 42. Qe4 Qc8 43. Kg2 Bf6 44. Rh1 Re5 45. Qg4 Rg5 46. Kh3 Rxg4 47. fxg4
Qe6 48. Rf1 Kh7 49. Rdf3 Bxb2 50. Rxf7 Bf6 51. R1xf6 Qxf6 52. Rxf6 gxf6 53. Kg3
Kg8 54. Kf4 Kf8 55. Ke4 1-0

[Event "Online Olym Div3 D 2020"]
[Site "chess.com INT"]
[Date "2020.07.07"]
[Round "2.4"]
[Board "1"]
[White "White, Rushawn"]
[Black "Salinas Herrera, Pablo"]
[Result "1-0"]
[BlackTitle "GM"]
[WhiteElo "1743"]
[BlackElo "2514"]
[WhiteTeam "Jamaica"]
[BlackTeam "Chile"]
[WhiteFideId "7402805"]
[BlackFideId "3407128"]
[EventDate "2020.07.07"]
[EventType "team"]

1. e4 c5 2. Nf3 e6 3. d4 cxd4 4. Nxd4 a6 5. Nc3 b5 6. a3 Qc7 7. Be3 Nf6 8. Bd3
Bb7 9. f4 Nc6 10. Nb3 d6 11. Qf3 Be7 12. O-O h5 13. Rae1 Ng4 14. Bd2 g5 15. h3
Qb6+ 16. Kh1 gxf4 17. Qxf4 Nce5 18. Nd1 Rh7 19. Ba5 Qa7 20. Ne3 Ng6 21. Qf3 N4e5
22. Qe2 Rc8 23. Bc3 Qa8 24. Nd2 Bc6 25. Nf5 exf5 26. exf5 Nh4 27. Be4 f6 28.
Bxc6+ Qxc6 29. Ne4 Rg7 30. Qxh5+ Kd7 31. Qxh4 Rcg8 32. Bxe5 dxe5 33. Rd1+ Kc8
34. Rf2 Kb8 35. Rfd2 Qc8 36. Qf2 Qb7 37. Rd7 Qxe4 38. Qb6+ Kc8 39. Qc7# 1-0

[Event "Online Olym Div3 D 2020"]
[Site "chess.com INT"]
[Date "2020.07.07"]
[Round "2.4"]
[Board "2"]
[White "Vasquez Schroeder, Rodrigo"]
[Black "Curriah, Malik"]
[Result "1-0"]
[WhiteTitle "GM"]
[BlackTitle "CM"]
[WhiteElo "2441"]
[BlackElo "2043"]
[WhiteTeam "Chile"]
[BlackTeam "Jamaica"]
[WhiteFideId "3400042"]
[BlackFideId "7402236"]
[EventDate "2020.07.07"]
[EventType "team"]

1. e4 c5 2. Nf3 d6 3. d4 cxd4 4. Nxd4 Nf6 5. Nc3 a6 6. Bg5 e6 7. f4 Qb6 8. Bxf6
gxf6 9. Qd2 Qxb2 10. Nb3 Qa3 11. Be2 h5 12. O-O h4 13. h3 Nc6 14. Kh1 Bd7 15.
Nb1 Qb2 16. Nc3 Qa3 17. Rf3 Rc8 18. Nd1 Qa4 19. Nc3 Qa3 20. Nd1 Qa4 21. c4 Qb4
22. Qe3 Na5 23. Nb2 Qa3 24. Qd2 Nc6 25. c5 Qb4 26. Rc3 dxc5 27. Nd3 Qxe4 28. Bf3
Qf5 29. Ndxc5 Rc7 30. Rd1 Bxc5 31. Rxc5 Qh7 32. Bxc6 bxc6 33. Rxc6 Rxc6 34.
Qxd7+ Kf8 35. Qxc6 Kg7 36. Qxa6 Qc2 37. Rc1 Qf2 38. Rf1 Qc2 39. Nd4 Qe4 40. Nb5
Qe2 41. Rg1 Rb8 42. a4 Rd8 43. Qa7 Rd3 44. Nc7 Qe4 45. Nxe6+ Qxe6 46. Qf2 Rg3
47. Kh2 Qa6 48. Ra1 Qa5 49. Ra2 Kg6 50. Qc2+ Kg7 51. Qe4 Qc3 52. a5 Re3 53. Qf5
Rxh3+ 54. Qxh3 1-0

[Event "Online Olym Div3 D 2020"]
[Site "chess.com INT"]
[Date "2020.07.07"]
[Round "2.4"]
[Board "3"]
[White "Brown, Raehanna"]
[Black "Abarca Gonzalez, Damaris"]
[Result "1-0"]
[WhiteTitle "WCM"]
[BlackTitle "WFM"]
[WhiteElo "1594"]
[BlackElo "2047"]
[WhiteTeam "Jamaica"]
[BlackTeam "Chile"]
[WhiteFideId "7402740"]
[BlackFideId "3409414"]
[EventDate "2020.07.07"]
[EventType "team"]

1. c4 c6 2. e4 d5 3. cxd5 cxd5 4. exd5 Qxd5 5. Nc3 Qd8 6. Nf3 Nc6 7. Bc4 e6 8.
O-O Nf6 9. d4 Be7 10. a3 a6 11. Re1 O-O 12. b4 Qc7 13. Qe2 Rd8 14. Rd1 b5 15.
Ba2 Nxb4 16. Nxb5 axb5 17. axb4 Bxb4 18. Rb1 Qa5 19. Bg5 Be7 20. Bb3 Bb7 21. Ne5
Nd5 22. Bxd5 exd5 23. Bxe7 Re8 24. Bb4 Qb6 25. Bc5 Qh6 26. Qxb5 Ba6 27. Qd7 f6
28. Qf7+ Kh8 29. Qxe8+ Rxe8 30. Nf7+ Kg8 31. Nxh6+ gxh6 32. h3 1-0

[Event "Online Olym Div3 D 2020"]
[Site "chess.com INT"]
[Date "2020.07.07"]
[Round "2.4"]
[Board "4"]
[White "Fuentes Inzunza, Lesly"]
[Black "Curwin, Nickaylah"]
[Result "1-0"]
[WhiteTitle "WFM"]
[WhiteElo "1840"]
[BlackElo "1509"]
[WhiteTeam "Chile"]
[BlackTeam "Jamaica"]
[WhiteFideId "3408205"]
[BlackFideId "7402627"]
[EventDate "2020.07.07"]
[EventType "team"]

1. d4 d5 2. Nf3 c6 3. g3 e6 4. Bg2 Bd6 5. O-O f5 6. b3 Nf6 7. c4 O-O 8. Ba3 Bxa3
9. Nxa3 Qe7 10. Nc2 Nbd7 11. Nce1 Ne4 12. Nd3 Kh8 13. e3 h6 14. Nfe5 Qf6 15. Qh5
Kh7 16. Rac1 g6 17. Qe2 Ng5 18. f3 Nxe5 19. Nxe5 Qd8 20. Rfd1 Nf7 21. Kh1 Nxe5
22. dxe5 Qe7 23. e4 fxe4 24. fxe4 dxc4 25. Rxc4 Bd7 26. Rcd4 Rad8 27. Rd6 Bc8
28. Bh3 Rfe8 29. Qd2 Rxd6 30. exd6 Qd7 31. e5 Rf8 32. Rf1 Rxf1+ 33. Bxf1 Qf7 34.
Bd3 Kg7 35. Kg1 b6 36. Qf2 Bd7 37. Be4 c5 38. a3 Qxf2+ 39. Kxf2 h5 40. Ke3 Kh6
41. h4 g5 42. b4 cxb4 43. axb4 a5 44. bxa5 bxa5 45. Kd4 gxh4 46. gxh4 Kg7 47.
Kc5 a4 48. Kb4 Kh6 49. Bc2 a3 50. Kxa3 Kg7 51. Kb4 Kf7 52. Kc5 Be8 53. Bd1 Kg7
54. Bc2 Kf7 55. Kb6 Bd7 56. Kc7 Bb5 57. d7 Bxd7 58. Kxd7 1-0

[Event "Online Olym Div3 D 2020"]
[Site "chess.com INT"]
[Date "2020.07.07"]
[Round "2.4"]
[Board "5"]
[White "McKennis, Darren"]
[Black "Donoso Diaz, Sebastian"]
[Result "1-0"]
[BlackTitle "FM"]
[WhiteElo "1735"]
[BlackElo "2192"]
[WhiteTeam "Jamaica"]
[BlackTeam "Chile"]
[WhiteFideId "7402872"]
[BlackFideId "3416097"]
[EventDate "2020.07.07"]
[EventType "team"]

1. d4 d5 2. c4 dxc4 3. Nf3 Nf6 4. e3 a6 5. Bxc4 b5 6. Bd3 Bb7 7. a4 b4 8. Nbd2
e6 9. Qc2 Be7 10. O-O O-O 11. Ne5 c5 12. dxc5 Qc7 13. Ndc4 Nc6 14. Nf3 Bxc5 15.
b3 e5 16. Nfd2 Rfe8 17. Bb2 Rad8 18. Ne4 Nxe4 19. Bxe4 g6 20. Rfd1 Ba7 21. Nxe5
Rxd1+ 22. Rxd1 Rxe5 23. Bxe5 Qxe5 24. Bxc6 Bb8 25. g3 Qc7 26. Rd7 Qxc6 27. Qxc6
Bxc6 28. Rd8+ Kg7 29. Rxb8 Bd5 30. Rxb4 Be6 31. Rb6 a5 32. Rb5 1-0

[Event "Online Olym Div3 D 2020"]
[Site "chess.com INT"]
[Date "2020.07.07"]
[Round "2.4"]
[Board "6"]
[White "Gomez Barrera, Javiera Belen"]
[Black "Miller, Rachel"]
[Result "1-0"]
[WhiteTitle "WIM"]
[BlackTitle "CM"]
[WhiteElo "2083"]
[BlackElo "2004"]
[WhiteTeam "Chile"]
[BlackTeam "Jamaica"]
[WhiteFideId "3418723"]
[BlackFideId "7401302"]
[EventDate "2020.07.07"]
[EventType "team"]

1. e4 e5 2. Nf3 Nc6 3. Bb5 a6 4. Ba4 Nf6 5. Qe2 b5 6. Bb3 Be7 7. c3 d5 8. exd5
Nxd5 9. d3 O-O 10. O-O Nf6 11. Nbd2 h6 12. h3 Bd6 13. Ne4 Nxe4 14. Qxe4 Bd7 15.
Bxh6 gxh6 16. Qg6+ Kh8 17. Qxh6+ Kg8 18. Qg6+ Kh8 19. Qh5+ Kg8 20. Ng5 Bf5 21.
Nxf7 Rxf7 22. Qxf7+ Kh8 23. Qxf5 Ne7 24. Qh5+ Kg7 25. Qf7+ Kh8 26. Rae1 Qf8 27.
Qh5+ Kg7 28. Re4 Ng6 29. Bd5 c6 30. Rg4 Qe8 31. Be4 Kf8 32. Rxg6 Ke7 33. Qh7+
Kd8 34. Rxd6+ Kc8 35. Rxc6+ Kb8 36. Qc7# 1-0

[Event "Online Olym Div3 D 2020"]
[Site "chess.com INT"]
[Date "2020.07.07"]
[Round "2.5"]
[Board "2"]
[White "Napoleao, Lourenco"]
[Black "Hansen, Sune Berg"]
[Result "0-1"]
[BlackTitle "GM"]
[WhiteElo "1807"]
[BlackElo "2552"]
[WhiteTeam "Mozambique"]
[BlackTeam "Denmark"]
[WhiteFideId "14801302"]
[BlackFideId "1400266"]
[EventDate "2020.07.07"]
[EventType "team"]

1. d4 Nf6 2. Bf4 d5 3. e3 e6 4. Nf3 Bd6 5. Bg3 O-O 6. Nbd2 c5 7. c3 Qc7 8. Bd3
Nbd7 9. dxc5 Nxc5 10. Bc2 b6 11. O-O Bxg3 12. hxg3 Ba6 13. Re1 Rad8 14. Nb3 e5
15. a4 Ne6 16. Qb1 g6 17. a5 b5 18. Nc1 Bb7 19. a6 Ba8 20. Na2 Rfe8 21. Nb4 Nc5
22. Rd1 Rd6 23. Qa2 Rb6 24. Bb3 Nxb3 25. Qxb3 Rd8 26. Rd2 Kg7 27. Rad1 Re8 28.
g4 h6 29. g5 hxg5 30. Nxg5 Rh8 31. Nh3 Qe7 32. f3 Qc5 33. Kf2 e4 34. Nf4 exf3
35. gxf3 Rh2+ 36. Ng2 d4 37. cxd4 Qf5 38. Kg1 Qh3 39. e4 Nxe4 0-1

[Event "Online Olym Div3 D 2020"]
[Site "chess.com INT"]
[Date "2020.07.07"]
[Round "2.5"]
[Board "3"]
[White "Kakulidis, Ellen"]
[Black "Sitoe, Cheila Andre"]
[Result "1-0"]
[WhiteTitle "WCM"]
[BlackTitle "WCM"]
[WhiteElo "2059"]
[BlackElo "1588"]
[WhiteTeam "Denmark"]
[BlackTeam "Mozambique"]
[WhiteFideId "1444972"]
[BlackFideId "14800780"]
[EventDate "2020.07.07"]
[EventType "team"]

1. d4 d5 2. c4 dxc4 3. e3 e6 4. Bxc4 Nf6 5. Nf3 Be7 6. Nc3 a6 7. O-O b5 8. Bd3
Bb7 9. Re1 O-O 10. e4 c5 11. dxc5 Bxc5 12. Qe2 Ng4 13. Nd1 Nc6 14. h3 Nf6 15.
Be3 Be7 16. a3 h6 17. Nc3 Rc8 18. Rad1 Qc7 19. Bb1 Rfd8 20. Bc1 e5 21. Be3 Na5
22. Nd2 Rd7 23. Rc1 Qb8 24. b4 Nc4 25. Nxc4 Rxc4 26. Ba2 Rc8 27. f3 Rdc7 28. Nd5
Rxc1 29. Nxe7+ Kf8 30. Rxc1 Rxc1+ 31. Bxc1 Kxe7 32. Be3 Nd7 33. Qc2 f6 34. Qb3
Qf8 35. Qe6+ Kd8 36. Kh2 Qe7 37. Qg8+ Kc7 38. Qb3 Nb6 39. Qc3+ Bc6 40. Bc5 Qd7
41. Bxb6+ Kxb6 42. Qc5+ Kb7 43. Bd5 Bxd5 44. exd5 Qc7 45. Qf8 Qd7 46. Qg8 f5 47.
h4 Qe7 48. Qh7 f4 49. Kh3 Kc7 50. Qf5 Qd7 51. Kg4 g6 52. Qxd7+ Kxd7 53. h5 g5
54. Kf5 Kd6 55. Ke4 Ke7 56. Kxe5 Kd7 57. d6 Kd8 58. Kf6 Kd7 59. Kg6 Kxd6 60.
Kxh6 Ke5 61. Kxg5 Kd4 62. h6 1-0

[Event "Online Olym Div3 D 2020"]
[Site "chess.com INT"]
[Date "2020.07.07"]
[Round "2.5"]
[Board "4"]
[White "Farnela, Nuzela Zacarias Musindo"]
[Black "Stolberg-Rohr, Thomine"]
[Result "0-1"]
[WhiteTitle "WCM"]
[BlackTitle "WFM"]
[WhiteElo "1431"]
[BlackElo "1918"]
[WhiteTeam "Mozambique"]
[BlackTeam "Denmark"]
[WhiteFideId "14800292"]
[BlackFideId "1504258"]
[EventDate "2020.07.07"]
[EventType "team"]

1. e4 e5 2. Nf3 Nc6 3. Bc4 Bc5 4. Nc3 Nf6 5. d3 a6 6. a3 d6 7. h3 Ba7 8. O-O h6
9. Bd2 O-O 10. Ne2 d5 11. exd5 Nxd5 12. Ng3 Kh8 13. Qc1 Nf6 14. Re1 Qd6 15. Re2
Nd4 16. Nxd4 Bxd4 0-1

[Event "Online Olym Div3 D 2020"]
[Site "chess.com INT"]
[Date "2020.07.07"]
[Round "2.5"]
[Board "5"]
[White "Olsen, Filip Boe"]
[Black "Vasco, Mateus Felizardo Viageiro"]
[Result "1-0"]
[WhiteTitle "IM"]
[WhiteElo "2351"]
[BlackElo "1862"]
[WhiteTeam "Denmark"]
[BlackTeam "Mozambique"]
[WhiteFideId "1440640"]
[BlackFideId "14800403"]
[EventDate "2020.07.07"]
[EventType "team"]

1. d4 Nf6 2. c4 e6 3. Nc3 Bb4 4. e3 O-O 5. Bd3 b6 6. Ne2 Bb7 7. a3 Bxc3+ 8. Nxc3
c5 9. d5 exd5 10. cxd5 d6 11. O-O a6 12. a4 Re8 13. e4 Nbd7 14. Re1 Qc7 15. Bf1
c4 16. h3 Rac8 17. Qd4 h6 18. Bf4 Qb8 19. Bxc4 Qc7 20. Bf1 Nc5 21. Rad1 Nfd7 22.
Bh2 Nb3 23. Qb4 Nbc5 24. Qa3 Nf6 25. f3 Red8 26. Rc1 Ne8 27. Ne2 Qb8 28. Nd4 a5
29. Bb5 Nc7 30. Bc6 N7a6 31. Bb5 Nb4 32. Qe3 Qa8 33. Nf5 Bxd5 34. exd5 Nxd5 35.
Qd4 Rc7 36. Qxg7# 1-0

[Event "Online Olym Div3 D 2020"]
[Site "chess.com INT"]
[Date "2020.07.07"]
[Round "2.5"]
[Board "6"]
[White "Efentakis, Theodora"]
[Black "van den Brink, Nienke"]
[Result "0-1"]
[WhiteElo "1147"]
[BlackElo "1811"]
[WhiteTeam "Mozambique"]
[BlackTeam "Denmark"]
[WhiteFideId "14801078"]
[BlackFideId "1452568"]
[EventDate "2020.07.07"]
[EventType "team"]

1. e4 c5 2. Nf3 d6 3. Bc4 Nf6 4. Nc3 a6 5. a3 Nc6 6. h3 g6 7. d3 b5 8. Ba2 Bg7
9. Bd2 O-O 10. O-O e6 11. Qc1 d5 12. exd5 Nxd5 13. Nxd5 exd5 14. Re1 Nd4 15.
Nxd4 Bxd4 16. c3 Bf6 17. Bh6 Bg7 18. Bxg7 Kxg7 19. Qe3 c4 20. d4 Be6 21. Bb1 Re8
22. Qf4 Ra7 23. Bc2 Rae7 24. Re3 Qc7 25. Qxc7 Rxc7 26. Rae1 Rce7 27. Bd1 Kf8 28.
Bf3 f6 29. Kh2 Bf7 30. Rxe7 Rxe7 31. Rxe7 Kxe7 32. Kg3 Kd6 33. Kf4 Be6 34. Bg4
Bxg4 35. hxg4 Ke6 36. g5 f5 37. f3 Kd6 38. g3 Ke6 39. Ke3 Kd6 40. f4 Kc6 41. Kf3
Kb6 42. g4 Ka5 43. gxf5 gxf5 44. Kg3 Ka4 45. Kh4 Kb3 46. Kh5 Kxb2 47. Kh6 Kxc3
48. Kxh7 Kxd4 49. g6 c3 50. g7 c2 51. g8=Q c1=Q 52. Qg7+ Ke4 53. Qe5+ Kd3 54.
Qxd5+ Ke2 55. Qe6+ Kf3 56. Qxf5 Qxf4 57. Qd5+ Qe4+ 58. Qxe4+ Kxe4 59. Kg6 a5 60.
Kg5 b4 61. axb4 axb4 62. Kf6 b3 63. Kg5 b2 64. Kg4 b1=Q 65. Kg3 Qf1 66. Kh2 Qf2+
67. Kh1 Qf3+ 68. Kg1 Kf4 69. Kh2 Qg3+ 70. Kh1 Qg8 71. Kh2 Kf3 72. Kh1 Qg2# 0-1

[Event "Online Olym Div3 D 2020"]
[Site "chess.com INT"]
[Date "2020.07.07"]
[Round "3.1"]
[Board "2"]
[White "Zaibi, Amir"]
[Black "Napoleao, Lourenco"]
[Result "1-0"]
[WhiteTitle "GM"]
[WhiteElo "2383"]
[BlackElo "1807"]
[WhiteTeam "Tunisia"]
[BlackTeam "Mozambique"]
[WhiteFideId "5500796"]
[BlackFideId "14801302"]
[EventDate "2020.07.07"]
[EventType "team"]

1. c4 e5 2. Nc3 Nf6 3. e3 Nc6 4. a3 d5 5. cxd5 Nxd5 6. Qc2 Be7 7. Nf3 O-O 8.
Nxd5 Qxd5 9. Bc4 Qd8 10. b4 Kh8 11. Bb2 f6 12. h4 Bg4 13. h5 Bxf3 14. gxf3 h6
15. Qf5 Qc8 16. Be6 Qe8 17. Bd7 Qf7 18. Be6 Qe8 19. Rg1 g5 20. hxg6 Kg7 21. Bf7
Qd8 22. f4 exf4 23. Qxf4 Bd6 24. Qh4 Ne5 25. Bxe5 Bxe5 26. f4 Bxa1 27. Qxh6+ 1-0

[Event "Online Olym Div3 D 2020"]
[Site "chess.com INT"]
[Date "2020.07.07"]
[Round "3.1"]
[Board "3"]
[White "Vilhete, Vania Fausto Da T."]
[Black "Miladi, Amen"]
[Result "1-0"]
[WhiteTitle "WIM"]
[BlackTitle "WFM"]
[WhiteElo "1799"]
[BlackElo "1784"]
[WhiteTeam "Mozambique"]
[BlackTeam "Tunisia"]
[WhiteFideId "14800144"]
[BlackFideId "5503779"]
[EventDate "2020.07.07"]
[EventType "team"]

1. d4 Nf6 2. c4 g6 3. Nc3 Bg7 4. Nf3 O-O 5. e4 d6 6. Be2 e5 7. O-O Nc6 8. d5 Ne7
9. Bg5 Nd7 10. Qd2 f5 11. exf5 gxf5 12. Bh6 f4 13. Bxg7 Kxg7 14. Ne4 Nf6 15. Bd3
Ng6 16. Qc2 Bg4 17. Nfd2 f3 18. Nxf3 Bxf3 19. gxf3 Nf4 20. Kh1 Nxe4 21. Bxe4 Qh4
22. Rg1+ Kh8 23. Rg4 Qh5 24. Rag1 Rg8 25. c5 Rxg4 26. fxg4 Qh4 27. cxd6 cxd6 28.
Rg3 Rg8 29. f3 Qg5 30. Bxh7 Rg7 31. Be4 Qh4 32. Qc8+ Rg8 33. Qxb7 Ne2 34. Rg1
Nxg1 35. Kxg1 Qe1+ 36. Kg2 Qe2+ 37. Kg1 Qd1+ 38. Kf2 Qd2+ 39. Kf1 Qh6 40. Qxa7
Qxh2 41. Qe7 Qh1+ 42. Ke2 Qh6 43. b4 Ra8 44. a4 Rg8 45. b5 Qh2+ 46. Ke3 Qh6+ 47.
Kd3 Ra8 48. b6 Rg8 49. b7 Qf8 50. Qxf8 Rxf8 51. a5 Rb8 52. a6 1-0

[Event "Online Olym Div3 D 2020"]
[Site "chess.com INT"]
[Date "2020.07.07"]
[Round "3.1"]
[Board "5"]
[White "Vasco, Mateus Felizardo Viageiro"]
[Black "Elayeb, Med Yessine"]
[Result "1-0"]
[WhiteElo "1862"]
[BlackElo "1617"]
[WhiteTeam "Mozambique"]
[BlackTeam "Tunisia"]
[WhiteFideId "14800403"]
[BlackFideId "5506433"]
[EventDate "2020.07.07"]
[EventType "team"]

1. e4 c6 2. d4 d5 3. Nc3 dxe4 4. Nxe4 Bf5 5. Ng3 Bg6 6. Nf3 Nd7 7. Bd3 Ngf6 8.
O-O Qc7 9. Re1 e6 10. Ne5 Bxd3 11. Qxd3 Nxe5 12. dxe5 Nd7 13. f4 O-O-O 14. Qe2
Nb6 15. Ne4 Be7 16. a4 a5 17. g3 Rd5 18. Be3 Rd7 19. c4 Bb4 20. Rec1 Kb8 21. Qf2
Nc8 22. c5 Rd5 23. Nd6 Rf8 24. Rd1 Ne7 25. Qc2 f6 26. exf6 gxf6 27. Qxh7 Bxc5
28. Bxc5 Rxc5 29. Qg7 Rd8 30. Ne4 Rc2 31. Qxf6 Qb6+ 32. Kh1 Rxd1+ 33. Rxd1 Qe3
34. Qh8+ Nc8 35. Ng5 Qe2 36. Qe5+ Qxe5 37. fxe5 Ne7 38. Re1 Rxb2 39. Nxe6 Rb4
40. Kg2 Rxa4 41. h4 Rc4 42. h5 a4 43. h6 a3 44. Nf4 a2 45. h7 Rc2+ 46. Kh3 Rb2
47. h8=Q+ Ka7 48. Ra1 Nf5 49. e6 Rb3 50. Rxa2+ Kb6 51. Rb2 1-0

[Event "Online Olym Div3 D 2020"]
[Site "chess.com INT"]
[Date "2020.07.07"]
[Round "3.1"]
[Board "6"]
[White "Guidara, Rawia"]
[Black "Efentakis, Theodora"]
[Result "1-0"]
[WhiteElo "1287"]
[BlackElo "1147"]
[WhiteTeam "Tunisia"]
[BlackTeam "Mozambique"]
[WhiteFideId "5506697"]
[BlackFideId "14801078"]
[EventDate "2020.07.07"]
[EventType "team"]

1. e4 e5 2. Nf3 Nc6 3. d4 exd4 4. Bc4 Bc5 5. c3 dxc3 6. Bxf7+ Kxf7 7. Qd5+ Kf8
8. Qxc5+ Nge7 9. Nxc3 d6 10. Qe3 Qe8 11. O-O Qg6 12. Nb5 Rb8 13. Nxc7 Kf7 14.
Qb3+ Kf8 15. Ng5 Nd8 16. f4 Nec6 17. f5 Qh5 18. Nce6+ Ke7 19. Nxg7 Qh6 20. f6+
Kd7 21. Nf7 Nd4 22. Qa4+ N8c6 23. Bxh6 Kc7 24. Nxh8 Bd7 25. f7 Ne2+ 26. Kh1 Rxh8
27. f8=Q Rxf8 28. Rxf8 Ned4 29. Rf7 b5 30. Qd1 Ne5 31. Qxd4 Nxf7 32. Rc1+ Bc6
33. Ne6+ Kd7 34. Nc5+ Kc7 35. Na6+ Kd7 36. Qxa7+ Ke6 37. Nc7+ Ke5 38. Nxb5 Bxb5
39. Qxf7 Kxe4 40. Re1+ Kd3 41. Qd5+ Kc2 42. Rc1+ Kxb2 43. Qb3# 1-0

[Event "Online Olym Div3 D 2020"]
[Site "chess.com INT"]
[Date "2020.07.07"]
[Round "3.2"]
[Board "1"]
[White "Henriquez Villagra, Cristobal"]
[Black "Andersen, Mads"]
[Result "0-1"]
[WhiteTitle "GM"]
[BlackTitle "GM"]
[WhiteElo "2600"]
[BlackElo "2585"]
[WhiteTeam "Chile"]
[BlackTeam "Denmark"]
[WhiteFideId "3409350"]
[BlackFideId "1413864"]
[EventDate "2020.07.07"]
[EventType "team"]

1. e4 e5 2. Nf3 Nc6 3. Bb5 a6 4. Ba4 Nf6 5. O-O Be7 6. Re1 b5 7. Bb3 O-O 8. h3
Bb7 9. d3 d5 10. exd5 Nxd5 11. a4 Ndb4 12. Nbd2 Na5 13. Nxe5 Nxb3 14. Nxb3 Qd5
15. f3 Bd6 16. d4 Rae8 17. Bd2 Nc6 18. Nxc6 Bxc6 19. axb5 axb5 20. Rxe8 Rxe8 21.
Qf1 Qf5 22. Qd3 Qxd3 23. cxd3 Bd5 24. Nc1 h6 25. Kf1 g5 26. Ne2 b4 27. Kf2 Kg7
28. Ra4 Bb3 29. Ra5 Kg6 30. Rb5 Ba4 31. Ra5 Bd7 32. Nc1 f6 33. Na2 Rb8 34. Ra7
h5 35. Nc1 h4 36. Ra5 Re8 37. Kf1 Bf5 38. Rb5 Bd7 39. Rb7 Ra8 40. Bxb4 Bc6 41.
Bxd6 Bxb7 42. Bb4 Bd5 43. Ke2 Re8+ 44. Kf2 f5 45. Ne2 Rb8 46. Bc3 Ra8 47. Bb4
Ra2 48. Bc3 Kf6 49. Nc1 Ra1 50. Ne2 c6 51. Bb4 Rb1 52. Bc3 Rd1 53. Ba5 Rxd3 54.
Bd8+ Kg6 55. f4 g4 56. hxg4 fxg4 57. Bxh4 Rd2 58. Ke3 Rxb2 59. Ng3 Bxg2 60. f5+
Kf7 61. Kf4 Bf3 62. Bd8 Rb4 63. Ke5 Rb5+ 64. Kf4 Rb4 65. Ke5 Ke8 66. Bc7 Kf7 67.
Bd6 Rb5+ 68. Kf4 Rd5 69. Be5 c5 70. dxc5 Rxc5 71. Bd6 Rd5 72. Be5 Rb5 73. Bc7
Ke7 74. Be5 Rb4+ 75. Kg5 Kf7 76. Bd6 Ra4 77. Be5 Bd1 78. Bf4 Bf3 79. Be5 Ra8 80.
Bd6 Rg8+ 81. Kf4 Rd8 82. Be5 Rc8 83. Kg5 Rc4 84. Bd6 Bc6 85. Bf4 Bf3 86. Bd6 Ke8
87. Be5 Rc6 88. Kf4 Ke7 89. Kg5 Rc5 90. Kf4 Kd7 91. Bb8 Kc8 92. Bd6 Rd5 93. Be5
Kd8 94. Bf6+ Kd7 95. Be5 Rb5 96. Bg7 Kd6 97. Kg5 Rb3 98. Bf8+ Ke5 99. Bg7+ Kd6
100. Bf8+ Kd7 101. Bg7 Bd1 102. Be5 Re3 103. Bf4 Re8 104. Kf6 Bb3 105. Kg5 Rg8+
106. Kf6 Kc6 107. Ke7 Kd5 108. Kf6 Kd4 109. Ke7 Kd3 110. Kf6 Ba2 111. Ke7 Kc2
112. Kf6 Kd1 113. Ke7 Ke1 114. f6 Kf2 115. Be5 Ra8 116. Bd6 Ra7+ 117. Ke8 Kf3
118. Be5 Ra5 119. Bc7 Ra8+ 120. Kd7 Ra7 121. Nf5 Ra6 122. Bd6 Ke4 123. Ng3+ Kd5
124. Nf5 Ra7+ 125. Bc7 Ke4 126. Ng3+ Kd4 127. Kd6 Ra6+ 0-1

[Event "Online Olym Div3 D 2020"]
[Site "chess.com INT"]
[Date "2020.07.07"]
[Round "3.2"]
[Board "2"]
[White "Hansen, Sune Berg"]
[Black "Vasquez Schroeder, Rodrigo"]
[Result "1/2-1/2"]
[WhiteTitle "GM"]
[BlackTitle "GM"]
[WhiteElo "2552"]
[BlackElo "2441"]
[WhiteTeam "Denmark"]
[BlackTeam "Chile"]
[WhiteFideId "1400266"]
[BlackFideId "3400042"]
[EventDate "2020.07.07"]
[EventType "team"]

1. Nf3 c5 2. c4 Nf6 3. Nc3 e6 4. g3 b6 5. Bg2 Bb7 6. O-O a6 7. b3 Be7 8. d4 cxd4
9. Qxd4 O-O 10. Rd1 Nc6 11. Qf4 Rc8 12. Bb2 Ba8 13. Rac1 Nh5 14. Qd2 Nf6 15. Qf4
Nh5 16. Qd2 Nf6 17. Qf4 1/2-1/2